[Event "ICS rated blitz match"]
[Site "204.178.125.65"]
[Date "1999.08.17"]
[Round "?"]
[White "Hossa"]
[Black "mkarp"]
[Result "1-0"]
[WhiteElo "2422"]
[BlackElo "2233"]
[Annotator "saj"]
[PlyCount "109"]
[EventDate "1999.??.??"]

1. d4 Nf6 2. c4 g6 3. Nc3 Bg7 4. e4 d6 5. Nf3 O-O 6. Be2 e5 7. Bg5 Nbd7 8. O-O
Re8 ({RR} 8... h6 9. Bxf6 ({RR} 9. Bd2 9... Nh5 10. d5 Nf4 11. Qc1 Nxe2+ 12.
Nxe2 Kh7 13. Ng3 f5 14. exf5 gxf5 15. Qc2 Nc5 16. Ne1 Kh8 17. Nh5 Qe7 18. Nd3
Nxd3 19. Qxd3 Rg8 20. Bc3 Qg5 21. Nxg7 Rxg7 22. Qg3 Qh5 23. Bxe5 23... dxe5 {
Hilscher,G-Golja,O/Feldbach 1997/EXT 98/0-1 (54)}) 9... Qxf6 10. Nd5 Qd8 11.
Qd2 c6 12. Nc3 exd4 13. Nxd4 Re8 14. Rfe1 Nc5 15. Bf1 a5 16. Rad1 a4 17. b4
axb3 18. axb3 Bg4 19. f3 Qb6 20. Re3 Bd7 21. Nce2 Ra3 22. b4 Rxe3 23. bxc5 Rxe2
24. cxb6 Rxd2 25. Rxd2 Ra8 26. Ne2 Ra1 27. g4 Be6 28. Rxd6 Bxc4 29. Kf2 Bf8 30.
Rd8 Kg7 31. Rd7 Bc5+ 32. Kg2 32... Ra2 {
0-1 Cardona,F-Zapata,A/Bogota 1992/EXT 97 (32)}) 9. d5 h6 10. Bh4 10... g5 $146
({RR} 10... a5 11. Nd2 Nc5 12. f3 Bd7 13. b3 b6 14. a3 Bf8 15. b4 Nb7 16. Qc2
Be7 17. Bf2 Rf8 18. Be3 Kg7 19. Rab1 Be8 20. g3 Nd7 21. Bd3 Bg5 22. f4 exf4 23.
gxf4 Bf6 24. Nf3 Kh7 25. Nb5 {Dougherty,M-Ellis,S/Toronto 1992/EXT 99/1-0 (40)}
) 11. Bg3 Nc5 12. Qc2 a5 13. Rad1 Bg4 14. b3 Bh5 15. Nd2 Bg6 16. f3 b6 17. Bf2
Nh5 18. Be3 Qd7 19. a3 Nf4 20. Bxf4 exf4 21. Rc1 Bd4+ 22. Kh1 Qe7 23. Nb5 Be5
24. Rcd1 Kg7 25. Rfe1 h5 26. b4 axb4 27. axb4 Na6 28. Rb1 Qd7 29. Bd3 g4 30.
fxg4 hxg4 31. Kg1 Rh8 32. Nf1 Rh6 33. Qf2 Rah8 34. Qa2 Qc8 35. Qd2 Rxh2 36.
Nxh2 Rxh2 37. Kxh2 g3+ 38. Kg1 Qh8 39. Re3 Qh2+ 40. Kf1 Qh1+ 41. Ke2 Bh5+ 42.
Rf3 Qxg2+ 43. Kd1 Bxf3+ 44. Kc2 Bxe4 45. Qxg2 Bxg2 46. Na7 Bd4 47. Nc6 Be3 48.
Ra1 f3 49. Be4 Bf1 50. Bxf3 Bxc4 51. Kc3 Bb5 52. Na7 f5 53. Nxb5 Nxb4 54. Kxb4
Bc5+ 55. Kc4 {mkarp resigns} 1-0

[Event "ICS rated blitz match"]
[Site "204.178.125.65"]
[Date "1999.08.17"]
[Round "?"]
[White "mkarp"]
[Black "Hossa"]
[Result "0-1"]
[WhiteElo "2225"]
[BlackElo "2430"]
[Annotator "Fritz 5.32 (15s)"]
[PlyCount "30"]
[EventDate "1999.??.??"]

1. e4 1... e5 {Opening = C68 - 3.Bb5 a6 4.Bc6(dc6 5.0-0 ---)} 2. Nf3 Nc6 3. Bb5
a6 4. Bxc6 dxc6 5. O-O Bg4 6. h3 Bh5 7. d3 Qf6 (7... f6 8. Be3 Bd6 9. Nbd2 Ne7
10. Qb1 c5 11. a3 g5 12. Nh2 Qd7 13. Nc4 Ng6 14. b4 cxb4 15. axb4 Nf4 16. Re1
Rg8 17. Qb3 Ke7 18. Bc5 Bf7 19. Qc3 Bxc4 20. Qxc4 b5 21. Bxd6+ cxd6 22. Qb3 Qe6
23. Qxe6+ Kxe6 24. g3 Nxh3+ 25. Kg2 g4 26. Nxg4 Rxg4 27. Kxh3 Rg7 28. Kg2 {
- Penson,T-Bierenbroodspot,P/Geraardsbergen 1992/EXT 99 (28)}) (7... Bd6 8. Be3
Nf6 9. Nbd2 Qd7 10. c3 O-O 11. Qb3 b5 12. d4 exd4 13. Bxd4 Bxf3 14. Nxf3 Nxe4
15. Qc2 Rfe8 16. Rfe1 Qe7 17. Nd2 Qg5 18. Nxe4 Qg6 19. Re3 c5 20. Bxc5 Bxc5 21.
Re2 Bb6 22. Rae1 {Wolfram,B-Lang,L/AUT-chJM U10 1995/EXT 97/0-1 (53)}) 8. Nbd2
$146 (8. Be3 Bxf3 9. Qxf3 Qxf3 10. gxf3 Bd6 11. Nd2 Ne7 12. d4 f6 13. Nc4 Ng6
14. Nxd6+ cxd6 15. Kg2 f5 16. dxe5 dxe5 17. Rad1 f4 18. Bb6 Nh4+ 19. Kh1 Nxf3
20. Rd3 Ng5 21. Rg1 Ne6 22. Rd6 Kf7 23. f3 Rae8 24. Rgd1 g5 25. Kg2 Rhg8 26.
Rd7+ Re7 27. Bd8 Nxd8 28. Rxd8 Rxd8 29. Rxd8 Kf6 30. Rd6+ Re6 31. Rd7 b6 32. b4
c5 33. bxc5 bxc5 34. Kf2 h5 35. Ke2 g4 36. hxg4 hxg4 37. fxg4 Kg5 38. Rg7+ Rg6
39. Rc7 Kxg4 40. Rxc5 Rh6 41. Rxe5 Rh2+ 42. Ke1 Rxc2 43. Re8 Kf3 44. e5 Ke3 45.
Kf1 f3 46. Kg1 Rc1+ 47. Kh2 47... f2 {
0-1 Stangeland,K-Mork,K/Stavanger 1991/EXT 97 (47)}) 8... O-O-O 9. Qe2 Bd6 10.
a3 {Befestigt b4} 10... Bc5 {Schwarz fuehrt die Partie kraftvoll zu Ende} 11.
b4 (11. g4 11... Bg6 $14) 11... Bd4 12. Rb1 Ne7 13. c4 $15 (13. Qe1 13... Rhe8
$11) 13... Ng6 14. Nb3 $17 (14. g3 $5 $15 $142 {muss beachtet werden}) 14...
Nh4 $1 {haelt den Vorteil fest} 15. Nbxd4 exd4 (15... exd4 16. g4 Nxf3+ 17. Kg2
Nh4+ 18. Kg3 18... Bg6 $19) 0-1

[Event "ICS rated blitz match"]
[Site "204.178.125.65"]
[Date "1999.08.17"]
[Round "?"]
[White "Hossa"]
[Black "mkarp"]
[Result "0-1"]
[WhiteElo "2438"]
[BlackElo "2217"]
[PlyCount "87"]
[EventDate "1999.??.??"]

1. d4 Nf6 2. c4 g6 3. Nc3 Bg7 4. e4 d6 5. f3 O-O 6. Be3 Nc6 7. Rb1 e5 8. d5 Ne7
9. b4 Nh5 10. g4 Nf4 11. h4 f5 12. exf5 gxf5 13. g5 Nh5 14. Nge2 Ng6 15. Bg2 h6
16. gxh6 Bf6 17. Bg5 Bxg5 18. hxg5 Qxg5 19. Bf1 Kh7 20. Nb5 Rf7 21. c5 a6 22.
Na3 e4 23. Rb3 Ne5 24. fxe4 fxe4 25. Qc2 Nd3+ 26. Rxd3 exd3 27. Qxd3+ Bf5 28.
Qf3 Bg6 29. Qg2 Qe5 30. Rg1 Nf4 31. Qg5 Qa1+ 32. Kd2 Qxa2+ 33. Kd1 Qb3+ 34. Kd2
Qxb4+ 35. Kd1 Qb3+ 36. Ke1 Re8 37. Rg3 Nd3+ 38. Rxd3 Qxd3 39. Qg2 Qxa3 40.
Qxg6+ Kxg6 41. Kd2 Rxf1 42. c6 Rf2 43. Ke1 Rexe2+ 44. Kd1 {Hossa resigns} 0-1

[Event "ICS rated blitz match"]
[Site "204.178.125.65"]
[Date "1999.08.17"]
[Round "?"]
[White "MissSilicon"]
[Black "Hossa"]
[Result "1-0"]
[WhiteElo "2701"]
[BlackElo "2413"]
[PlyCount "118"]
[EventDate "1999.??.??"]

1. d4 Nf6 2. c4 d6 3. Nf3 Bg4 4. Qb3 b6 5. Nbd2 c5 6. dxc5 dxc5 7. e4 Nc6 8.
Be2 e5 9. O-O Bd6 10. h3 Bh5 11. Rd1 O-O 12. a3 Nd4 13. Nxd4 exd4 14. Bxh5 Nxh5
15. Nf3 Re8 16. Re1 Qf6 17. Bg5 Qg6 18. Qc2 Re6 19. Rad1 Rae8 20. Qa4 Kf8 21.
Qxa7 Bb8 22. Qb7 Bf4 23. Bh4 Rxe4 24. Rxe4 Rxe4 25. Bd8 Bd6 26. Qxb6 Re6 27.
Qb5 Kg8 28. Bg5 Qc2 29. Rf1 Qd3 30. b3 Qc3 31. Rc1 Qb2 32. Re1 Rxe1+ 33. Nxe1
Qe2 34. Qa5 Qe4 35. Bd2 Qe2 36. Qa8+ Bf8 37. Ba5 Nf6 38. Qf3 Qb2 39. a4 Qc1 40.
Kf1 Qb2 41. Bd8 Ne8 42. Qd1 Nd6 43. Nd3 Qa3 44. Kg1 Ne4 45. Ba5 Qa2 46. Be1 Qa3
47. f3 Nd6 48. Qb1 Nf5 49. Bd2 Ng3 50. Kf2 Nh1+ 51. Ke1 Be7 52. Bc1 Bh4+ 53.
Ke2 Qxc1 54. Qxc1 Ng3+ 55. Kd1 Nf5 56. a5 Bd8 57. Qf4 Ne3+ 58. Ke2 Be7 59. Qb8+
59... Bf8 {Hossa resigns} 1-0

[Event "ICS rated blitz match"]
[Site "204.178.125.65"]
[Date "1999.08.17"]
[Round "?"]
[White "Hossa"]
[Black "brutus"]
[Result "1-0"]
[WhiteElo "2408"]
[BlackElo "2092"]
[PlyCount "93"]
[EventDate "1999.??.??"]

1. d4 Nf6 2. c4 g6 3. Nc3 d5 4. cxd5 Nxd5 5. e4 Nxc3 6. bxc3 Bg7 7. Bb5+ c6 8.
Ba4 b5 9. Bc2 a6 10. Ne2 Bb7 11. Ba3 O-O 12. O-O Nd7 13. Qd3 Qc7 14. Bxe7 Rfe8
15. Bg5 c5 16. f3 Rac8 17. Rfc1 Nb6 18. Rab1 Nc4 19. Bb3 Na3 20. Ra1 c4 21. Qd2
cxb3 22. axb3 Bf8 23. Bh6 Be7 24. Qb2 a5 25. Rxa3 Bxa3 26. Qxa3 Re6 27. Qb2 a4
28. bxa4 bxa4 29. Qd2 Ra6 30. c4 a3 31. c5 a2 32. Ra1 Qa5 33. Nc3 Qb4 34. Rxa2
Rxa2 35. Nxa2 Qxd2 36. Bxd2 Ra8 37. Nc3 Ra1+ 38. Kf2 Ba6 39. d5 Kf8 40. c6 Ke7
41. e5 Ra3 42. d6+ Kd8 43. Bg5+ Kc8 44. d7+ Kc7 45. d8=Q+ Kxc6 46. Qd6+ Kb7 47.
Qxa3 {brutus resigns} 1-0

[Event "ICS rated blitz match"]
[Site "204.178.125.65"]
[Date "1999.08.17"]
[Round "?"]
[White "brutus"]
[Black "Hossa"]
[Result "0-1"]
[WhiteElo "2088"]
[BlackElo "2412"]
[Annotator "saj"]
[PlyCount "56"]
[EventDate "1999.??.??"]

1. e4 e5 2. Nf3 Nc6 3. Bb5 a6 4. Ba4 b5 5. Bb3 Bc5 6. c3 Nf6 7. d3 d5 ({RR} 
7... d6 8. Nbd2 ({RR} 8. a4 8... Bg4 9. h3 Bxf3 10. Qxf3 b4 11. a5 O-O 12. Bg5
bxc3 13. bxc3 Rb8 14. Nd2 Na7 15. O-O Nb5 16. Rfc1 c6 17. Nf1 h6 18. Be3 Bxe3
19. Nxe3 g6 20. Qg3 Kh7 21. Bd1 Nd7 22. h4 22... Nc5 {
Mortensen,E-Jonsson,B/Reykjavik 1998/CBM 64/0-1 (60)}) 8... Bb7 9. Qe2 O-O 10.
Nf1 h6 11. Ng3 Ne7 12. O-O Ng6 13. a4 Bb6 14. h3 d5 15. Nh2 c5 16. axb5 axb5
17. Rxa8 Bxa8 18. Ng4 c4 19. dxc4 Nxe4 20. Nxe4 dxe4 21. Rd1 Qh4 22. c5 {
Hebden,M-Izeta Txabarri,F/Candas 1992/TD/ - (43)}) 8. Bg5 $146 ({RR} 8. exd5
8... Nxd5 9. Qe2 ({RR} 9. O-O 9... O-O 10. Re1 Bg4 11. h3 Bxf3 12. Qxf3 Nde7
13. Bg5 Qd6 14. Nd2 Na5 15. Ne4 Qb6 16. Nxc5 Qxc5 17. d4 Qd6 18. dxe5 Qc5 19.
Bc2 b4 20. Bxe7 Qxe7 21. Qe4 g6 22. cxb4 Rab8 23. bxa5 Rxb2 24. Bb3 Qc5 25. Qf3
Qxa5 26. Qf6 {1-0 Englisch,B-Von Minckwitz,J/Hamburg 1885/HCL (26)}) 9... O-O
10. Qe4 Be6 11. Nxe5 Nxe5 12. Qxe5 Nb4 13. O-O Nxd3 14. Qh5 Bxb3 15. axb3 Re8
16. Nd2 Qe7 17. b4 Bxf2+ 18. Kh1 Qe1 19. h3 Nxc1 20. Rxe1 Rxe1+ 21. Kh2 Bg1+
22. Kg3 Re3+ 23. Kg4 Ne2 24. Nf1 g6 25. Qd5 h5+ 26. Kg5 Kg7 27. Nxe3 f6+ 28.
Kh4 Bf2+ 29. g3 29... Bxg3# {0-1 Weiss,M-Pollock,W/New York 1889/HCL (29)}) ({
RR} 8. Qe2 8... O-O 9. Bg5 dxe4 10. dxe4 Qe7 11. Nbd2 Rb8 12. Nf1 h6 13. Bh4
Na5 14. Bc2 b4 15. a3 b3 16. Bd3 Rb6 17. h3 Rd8 18. g4 Rbd6 19. Rd1 Nc4 20. Nd4
exd4 21. Bxc4 dxc3 22. Rxd6 Qxd6 23. bxc3 b2 24. Ba2 Nxe4 25. Bg3 Qe6 26. Bb1
Nxc3 27. Qxe6 27... Rd1# {0-1 Mason,J-Pollock,W/New York 1889/HCL (27)}) 8...
dxe4 9. dxe4 Qxd1+ 10. Kxd1 Nxe4 11. Bd5 Nxf2+ 12. Ke2 Bd7 13. Rf1 Ng4 14. h3
Nf6 15. Bxf6 gxf6 16. Nh4 Be7 17. Nd2 Rg8 18. Nf5 Rd8 19. g4 Bxf5 20. Bxc6+ Bd7
21. Bb7 h5 22. Bxa6 hxg4 23. hxg4 Bxg4+ 24. Ke1 c6 25. a4 bxa4 26. Rxa4 f5 27.
Bc4 Bh4+ 28. Rf2 28... f4 {brutus resigns} 0-1

[Event "ICS Rated blitz match"]
[Site "204.178.125.65"]
[Date "1999.08.17"]
[Round "?"]
[White "Hossa"]
[Black "SuperChicken"]
[Result "0-1"]
[WhiteElo "2416"]
[BlackElo "2763"]
[PlyCount "116"]
[EventDate "1999.??.??"]

1. d4 Nf6 2. c4 g6 3. Nc3 Bg7 4. e4 d6 5. f3 O-O 6. Be3 e5 7. Nge2 c6 8. Qd2
Nbd7 9. O-O-O a6 10. Kb1 b5 11. Nc1 exd4 12. Bxd4 b4 13. Na4 Qa5 14. Qc2 d5 15.
cxd5 cxd5 16. Nc5 dxe4 17. Nxd7 Nxd7 18. Bxg7 Kxg7 19. Qxe4 Nc5 20. Qe5+ f6 21.
Qe7+ Rf7 22. Qe3 Bf5+ 23. Bd3 Be6 24. Be4 Rc8 25. Rd6 Rfc7 26. Bc2 Bf7 27. Rf1
Ne4 28. fxe4 Rxc2 29. Nb3 Bxb3 30. Qxb3 Qc7 31. Rdd1 Rc4 32. Qh3 Rd8 33. Qe6
Rc6 34. Qb3 Rcd6 35. Rxd6 Qxd6 36. g4 Qd4 37. Qc2 Qe5 38. Rc1 Rd4 39. Qc7+ Kh6
40. Qxe5 fxe5 41. Rc6 Rxe4 42. h3 Kg5 43. Rxa6 Kh4 44. Ra7 Kxh3 45. Rxh7+ Kxg4
46. Re7 g5 47. Kc2 Kf3 48. Kb3 g4 49. Rf7+ Rf4 50. Rd7 e4 51. Kxb4 e3+ 52. Kc3
g3 53. Rd1 e2 54. Rc1 g2 55. Kb3 Kf2 56. Rc2 g1=Q 57. Kc3 Qg3+ 58. Kd2 58...
e1=Q# {Hossa checkmated} 0-1

[Event "ICS rated blitz match"]
[Site "204.178.125.65"]
[Date "1999.08.17"]
[Round "?"]
[White "Hossa"]
[Black "TimM"]
[Result "0-1"]
[WhiteElo "2412"]
[BlackElo "2051"]
[PlyCount "123"]
[EventDate "1999.??.??"]

1. e4 c5 2. Nf3 d6 3. d4 cxd4 4. Qxd4 Nc6 5. Bb5 Qd7 6. Bg5 Nxd4 7. Nxd4 g6 8.
Nc3 Bg7 9. Rd1 a6 10. Bxd7+ Bxd7 11. O-O Nf6 12. Bxf6 Bxf6 13. Nd5 Bxd4 14.
Nc7+ Kd8 15. Nxa8 Ba7 16. e5 dxe5 17. Rd3 Kc8 18. Rfd1 Bc6 19. a4 b6 20. Nxb6+
Bxb6 21. a5 Bc7 22. Rc3 Bb5 23. Rc5 Rd8 24. Rxd8+ Kxd8 25. Rd5+ Kc8 26. b4 Kb7
27. h3 e6 28. Rd1 Kc6 29. f3 Bc4 30. Kf2 Bd5 31. Ke3 Bb8 32. Kd3 Kb5 33. c3 Ba7
34. Rc1 Bc4+ 35. Ke4 Bb8 36. Ke3 f5 37. Rd1 Ba7+ 38. Kd2 Bd5 39. h4 e4 40. fxe4
Bxe4 41. Ke2 Bd5 42. h5 Kc4 43. Rd3 g5 44. g3 h6 45. Kd2 e5 46. Ke2 f4 47. gxf4
gxf4 48. Rd1 e4 49. Kf1 f3 50. Ke1 e3 51. b5 axb5 52. Ra1 Be6 53. Kd1 Bg4 54.
Kc2 f2 55. Rh1 e2 56. Rh4 e1=Q 57. Rxg4+ Kc5 58. Rg7 f1=Q 59. Rc7+ Kd6 60. Rc6+
Kxc6 61. Kb3 Qc4+ 62. Kb2 {Hossa resigns} 0-1

[Event "ICS rated blitz match"]
[Site "204.178.125.65"]
[Date "1999.08.17"]
[Round "?"]
[White "robertico"]
[Black "Hossa"]
[Result "0-1"]
[WhiteElo "2081"]
[BlackElo "2384"]
[PlyCount "52"]
[EventDate "1999.??.??"]

1. d4 Nf6 2. c4 e6 3. Nc3 a5 4. e4 Bb4 5. Bd3 d5 6. e5 dxc4 7. exf6 cxd3 8.
fxg7 Rg8 9. Qxd3 Rxg7 10. Nf3 Rxg2 11. Qxh7 Qf6 12. Qh3 Rg8 13. Be3 Bd7 14. Rg1
Rxg1+ 15. Nxg1 Nc6 16. Nf3 e5 17. Bg5 Qg7 18. Qh4 Nxd4 19. Nxd4 exd4 20. O-O-O
dxc3 21. Bf6 cxb2+ 22. Kxb2 Qg6 23. Re1+ Be6 24. Qh8+ Bf8 25. f4 Qg2+ 26. Ka1
26... Qxa2# {robertico checkmated} 0-1

[Event "ICS rated blitz match"]
[Site "204.178.125.65"]
[Date "1999.08.17"]
[Round "?"]
[White "Hossa"]
[Black "robertico"]
[Result "1-0"]
[WhiteElo "2389"]
[BlackElo "2076"]
[PlyCount "80"]
[EventDate "1999.??.??"]

1. d4 Nf6 2. Bg5 e6 3. e4 h6 4. Bxf6 Qxf6 5. c3 d6 6. Bb5+ c6 7. Bd3 Nd7 8. Qf3
Qxf3 9. Nxf3 e5 10. O-O Be7 11. Nbd2 Kd8 12. Nc4 b5 13. Ne3 g6 14. a4 bxa4 15.
Rxa4 Kc7 16. Rfa1 Kb8 17. Nc4 f6 18. Na5 Kc7 19. Nb3 Kb8 20. Nh4 Rg8 21. Na5
Kc7 22. Bc4 Rg7 23. Nxc6 Nb6 24. Nxe7 Nxa4 25. Nxc8 Nxb2 26. Bd5 Rxc8 27. Rxa7+
Kb6 28. Rxg7 Rxc3 29. g3 Rc1+ 30. Kg2 Nd3 31. Rxg6 exd4 32. Rxh6 Ne1+ 33. Kh3
d3 34. Nf5 d2 35. Ne3 Rc3 36. Nd1 Rc1 37. Bb3 Nc2 38. Bxc2 Rxc2 39. Rxf6 Kc5
40. Ne3 40... Rc1 {robertico resigns} 1-0

[Event "ICS rated blitz match"]
[Site "204.178.125.65"]
[Date "1999.08.17"]
[Round "?"]
[White "hnishy"]
[Black "Hossa"]
[Result "0-1"]
[WhiteElo "2277"]
[BlackElo "2398"]
[PlyCount "52"]
[EventDate "1999.??.??"]

1. d4 Nf6 2. Nf3 d5 3. g3 c5 4. Bg2 cxd4 5. Nxd4 e5 6. Nb3 Bb4+ 7. c3 Be7 8.
O-O Nc6 9. Bg5 Be6 10. N1d2 O-O 11. Bxf6 Bxf6 12. Nc5 Qb6 13. Nxe6 fxe6 14. Qb3
Bd8 15. Rad1 e4 16. e3 Ne5 17. Qxb6 Bxb6 18. Nb3 a6 19. Nd4 Rf6 20. Rd2 Nc4 21.
Rc2 Raf8 22. Rd1 g5 23. Bf1 Ne5 24. Bg2 h5 25. Rcd2 g4 26. Rc2 26... Nd3 {
hnishy resigns} 0-1

[Event "ICS rated blitz match"]
[Site "204.178.125.65"]
[Date "1999.08.17"]
[Round "?"]
[White "Talmoves"]
[Black "Hossa"]
[Result "1/2-1/2"]
[WhiteElo "2563"]
[BlackElo "2408"]
[PlyCount "188"]
[EventDate "1999.??.??"]

1. e4 c5 2. Nf3 d6 3. d4 cxd4 4. Nxd4 Nf6 5. Nc3 Nc6 6. Bg5 e6 7. Qd2 a6 8.
O-O-O h6 9. Be3 Be7 10. f4 Nxd4 11. Bxd4 b5 12. Bd3 O-O 13. e5 dxe5 14. fxe5
Nd5 15. Kb1 Bb4 16. a3 Bxc3 17. Bxc3 Bb7 18. Bd4 Qc7 19. Qf2 Rac8 20. Ka1 b4
21. c4 bxc3 22. Rc1 Qe7 23. Rhd1 Rfd8 24. Rc2 Rd7 25. Rdc1 Rcd8 26. Bf1 cxb2+
27. Bxb2 Nc7 28. Rc4 Bd5 29. Rc5 Rb8 30. Qc2 Bb3 31. Qe4 Rd1 32. Qc6 Ne8 33.
Rxd1 Bxd1 34. Rc1 Bb3 35. Qc5 Qd7 36. Bxa6 Qd2 37. Qa7 Qd8 38. Bb7 f5 39. exf6
gxf6 40. Be4 f5 41. Bc6 Nf6 42. Be5 Rb6 43. h3 Qd2 44. Bb2 Qd8 45. a4 f4 46. a5
Rb8 47. Be5 Rc8 48. Kb2 Qd2+ 49. Kxb3 Qxc1 50. Bxf6 Qd1+ 51. Ka2 Qc2+ 52. Bb2
Qc4+ 53. Ka3 Qd3+ 54. Kb4 Qd6+ 55. Kb3 Rb8+ 56. Ka2 Rxb2+ 57. Kxb2 Qxc6 58.
Qb8+ Kh7 59. Qxf4 Qxg2+ 60. Kb3 Qxh3+ 61. Kb4 Kg6 62. Qe4+ Kf6 63. a6 Qg3 64.
a7 Qd6+ 65. Kb5 Qd7+ 66. Kb6 Qd8+ 67. Kb7 Qe7+ 68. Ka6 Qa3+ 69. Kb6 Qd6+ 70.
Qc6 Qb4+ 71. Kc7 Qe7+ 72. Kb8 Qf8+ 73. Kb7 Qb4+ 74. Qb6 Qe4+ 75. Kc7 Qd5 76.
Kb8 Qe5+ 77. Kc8 Qe4 78. Qd8+ Kg6 79. Kc7 Qc4+ 80. Kb7 Qb3+ 81. Qb6 Qf3+ 82.
Qc6 Qf7+ 83. Qc7 Qf3+ 84. Kb8 Qf8+ 85. Qc8 Qb4+ 86. Ka8 Qe4+ 87. Qb7 Qa4 88.
Qb1+ Kg5 89. Qg1+ Kf6 90. Qf2+ Ke7 91. Qc5+ Kf6 92. Qf2+ Ke7 93. Qc5+ Kf6 94.
Qf2+ 94... Ke7 {Game drawn by repetition} 1/2-1/2

[Event "ICS rated blitz match"]
[Site "204.178.125.65"]
[Date "1999.08.17"]
[Round "?"]
[White "Zamok"]
[Black "Hossa"]
[Result "0-1"]
[WhiteElo "2114"]
[BlackElo "2415"]
[PlyCount "49"]
[EventDate "1999.??.??"]

1. e4 c5 2. Nf3 d6 3. d4 cxd4 4. Nxd4 Nf6 5. Nc3 Nc6 6. Bg5 e6 7. Bb5 Bd7 8.
Bxc6 bxc6 9. Qf3 Be7 10. O-O-O d5 11. e5 Ng8 12. Bxe7 Nxe7 13. Qg4 O-O 14. h4
Rb8 15. Rh3 Qb6 16. b3 c5 17. Nde2 f6 18. exf6 Rxf6 19. Nb1 Rxf2 20. Nec3 Rbf8
21. Rf3 R8xf3 22. gxf3 Qc7 23. Rg1 Nf5 24. Ne4 Rxc2+ 25. Kd1 {Zamok resigns}
0-1

[Event "ICS rated blitz match"]
[Site "204.178.125.65"]
[Date "1999.08.17"]
[Round "?"]
[White "Hossa"]
[Black "TheBorg"]
[Result "0-1"]
[WhiteElo "2420"]
[BlackElo "2486"]
[PlyCount "136"]
[EventDate "1999.??.??"]

1. d4 Nf6 2. c4 e6 3. Nc3 Bb4 4. Bg5 c5 5. d5 h6 6. Bxf6 Qxf6 7. Qc2 d6 8. e4
O-O 9. Nf3 Qf4 10. Nd2 exd5 11. g3 Qe5 12. Nxd5 Bxd2+ 13. Kxd2 Nc6 14. f4 Qd4+
15. Kc1 Bg4 16. Bg2 Nb4 17. Nxb4 cxb4 18. Kb1 Rac8 19. b3 a5 20. h3 Bh5 21. g4
Bg6 22. Rd1 Qf6 23. Qd2 Rfd8 24. f5 Bh7 25. Qd5 a4 26. bxa4 Qc3 27. Qd3 Rxc4
28. Qxc3 Rxc3 29. e5 g6 30. Kb2 gxf5 31. Rxd6 Re8 32. Rd4 Rxe5 33. Rxb4 Rg3 34.
Bf1 fxg4 35. hxg4 Be4 36. Re1 Rxg4 37. Rxb7 Bxb7 38. Rxe5 Rxa4 39. Re3 Rf4 40.
Be2 Kf8 41. Rb3 Bd5 42. Rb5 Be6 43. Ka3 f5 44. Bd1 Ke7 45. Rb7+ Kd6 46. Rb6+
Ke5 47. Bb3 Bxb3 48. Kxb3 h5 49. a4 h4 50. a5 Rf3+ 51. Kb4 Rf1 52. Rh6 f4 53.
Rxh4 f3 54. Rh3 f2 55. Rf3 Kd6 56. Rd3+ Kc6 57. Rc3+ Kd5 58. Rd3+ Ke4 59. Rd8
Rb1+ 60. Kc5 f1=Q 61. Re8+ Kd3 62. Rd8+ Kc3 63. Re8 Qb5+ 64. Kd6 Rd1+ 65. Ke6
Qe2+ 66. Kf7 Rf1+ 67. Kg6 Qg2+ 68. Kh7 68... Rh1# {Hossa checkmated} 0-1

[Event "ICS rated blitz match"]
[Site "204.178.125.65"]
[Date "1999.08.17"]
[Round "?"]
[White "TheBorg"]
[Black "Hossa"]
[Result "1-0"]
[WhiteElo "2499"]
[BlackElo "2407"]
[PlyCount "98"]
[EventDate "1999.??.??"]

1. e4 c5 2. Nf3 d6 3. d4 cxd4 4. Nxd4 Nf6 5. Nc3 Nc6 6. Bc4 e5 7. Nde2 Be6 8.
Bb3 Be7 9. Bg5 O-O 10. O-O Bxb3 11. axb3 Nxe4 12. Bxe7 Nxc3 13. Bxd8 Nxd1 14.
Bh4 Nxb2 15. Rfb1 h6 16. Rxb2 g5 17. Bg3 f5 18. f3 d5 19. b4 Rfe8 20. b5 Ne7
21. Rba2 f4 22. Bf2 Rac8 23. c3 e4 24. Rxa7 e3 25. Be1 Rc7 26. g3 Rf8 27. Kg2
Nc8 28. Ra8 Kh7 29. Nd4 Rc4 30. Rb8 Rf7 31. Raa8 Nd6 32. Rh8+ Kg6 33. Rad8 Nf5
34. Nxf5 Rxf5 35. g4 Rf6 36. Rd7 Rf7 37. Rd6+ Rf6 38. Rxf6+ Kxf6 39. Rxh6+ Kg7
40. Rh5 Kf6 41. h4 gxh4 42. Rxd5 b6 43. Rd6+ Ke5 44. Rxb6 Kd5 45. Rf6 Ra4 46.
Rf5+ Kd6 47. Bxh4 Ke6 48. b6 Ra2+ 49. Kh3 49... Kd6 {Hossa resigns} 1-0

[Event "ICS rated blitz match"]
[Site "204.178.125.65"]
[Date "1999.08.17"]
[Round "?"]
[White "Hossa"]
[Black "TheBorg"]
[Result "0-1"]
[WhiteElo "2395"]
[BlackElo "2511"]
[PlyCount "136"]
[EventDate "1999.??.??"]

1. d4 d5 2. c4 dxc4 3. e4 e5 4. Nf3 Bb4+ 5. Bd2 Bxd2+ 6. Nbxd2 exd4 7. Bxc4 Nc6
8. O-O Nf6 9. e5 Nd5 10. Nb3 Bg4 11. Nbxd4 Nxd4 12. Qxd4 Bxf3 13. gxf3 Nb6 14.
Rad1 Qg5+ 15. Kh1 Nxc4 16. Qxc4 Qe7 17. f4 O-O 18. Qb3 c6 19. Rd6 Rad8 20. Rfd1
Rxd6 21. Rxd6 a6 22. Qd3 Qh4 23. Qg3 Qh5 24. Rd7 b6 25. Qd3 Qg4 26. Rd8 g6 27.
b4 Qxf4 28. Rxf8+ Kxf8 29. Qd8+ Kg7 30. Qxb6 Qf3+ 31. Kg1 Qd1+ 32. Kg2 Qd5+ 33.
f3 Qxa2+ 34. Qf2 Qc4 35. Qb2 h6 36. Kg3 g5 37. e6+ f6 38. Qa3 h5 39. e7 Kf7 40.
Qe3 Ke8 41. Kg2 Qxb4 42. Qe6 Qd2+ 43. Kg1 Qd4+ 44. Kf1 c5 45. Qxa6 c4 46. Qe6
c3 47. Qe2 Qc5 48. Qd3 Kxe7 49. Qh7+ Kd6 50. Qd3+ Kc7 51. Qh7+ Kb6 52. Qb1+
Qb5+ 53. Qxb5+ Kxb5 54. Ke1 Kc4 55. Ke2 Kb3 56. Kd3 c2 57. Kd4 c1=Q 58. Kd3
Qf1+ 59. Ke4 Qe2+ 60. Kf5 Qxf3+ 61. Kg6 h4 62. Kh7 g4 63. Kh6 g3 64. Kg6 g2 65.
Kf7 Qd5+ 66. Kf8 g1=Q 67. Ke8 Qgg8+ 68. Ke7 68... Qde6# {Hossa checkmated} 0-1

[Event "ICS rated blitz match"]
[Site "204.178.125.65"]
[Date "1999.08.17"]
[Round "?"]
[White "TheBorg"]
[Black "Hossa"]
[Result "1-0"]
[WhiteElo "2522"]
[BlackElo "2384"]
[PlyCount "96"]
[EventDate "1999.??.??"]

1. e4 c5 2. Nf3 d6 3. d4 cxd4 4. Nxd4 Nf6 5. Nc3 Nc6 6. Bc4 e5 7. Nde2 Be6 8.
Bb3 Be7 9. Bg5 O-O 10. O-O Bxb3 11. axb3 Nxe4 12. Bxe7 Nxc3 13. Bxd8 Nxd1 14.
Bh4 Nxb2 15. Rfb1 h6 16. Rxb2 g5 17. Bg3 f5 18. f3 d5 19. b4 Rfe8 20. b5 Ne7
21. Rba2 f4 22. Bf2 Rac8 23. c3 e4 24. Rxa7 e3 25. Be1 Rc7 26. g3 Rf8 27. Kg2
Nc8 28. Ra8 Kh7 29. Nd4 Rc4 30. Rb8 Rf7 31. Raa8 Nd6 32. Rh8+ Kg6 33. Rad8 Nf5
34. Nxf5 Rxf5 35. g4 Rf6 36. h4 gxh4 37. Bxh4 Rf7 38. Rd6+ Kg7 39. Rhxh6 Rf8
40. Rhf6 Rxf6 41. Bxf6+ Kf7 42. Bd4 Ke7 43. Rxd5 Ra4 44. Rf5 Ra2+ 45. Kh3 e2
46. Re5+ Kf7 47. g5 Rb2 48. Kg4 48... Rc2 {Hossa resigns} 1-0

[Event "ICS rated blitz match"]
[Site "204.178.125.65"]
[Date "1999.08.17"]
[Round "?"]
[White "Hossa"]
[Black "Dejan"]
[Result "0-1"]
[WhiteElo "2374"]
[BlackElo "2227"]
[PlyCount "91"]
[EventDate "1999.??.??"]

1. d4 Nf6 2. c4 e5 3. dxe5 Ng4 4. e4 Nxe5 5. f4 Nec6 6. Be3 d6 7. Bd3 g6 8. Nc3
Bg7 9. Nge2 O-O 10. Qb3 Nd7 11. O-O Nc5 12. Bxc5 dxc5 13. Rad1 Nd4 14. Qa3 b6
15. f5 Be5 16. fxg6 hxg6 17. Nf4 c6 18. Kh1 Kg7 19. b3 Rh8 20. g3 Qg5 21. Kg2
Bg4 22. h4 Qe7 23. Rc1 g5 24. hxg5 Qxg5 25. Nce2 Nxe2 26. Bxe2 Bh3+ 27. Kf3
Bxf1 28. Bxf1 Rh2 29. Rb1 Bd4 30. Bg2 Qf6 31. Qa6 Qe7 32. Qa4 Qd6 33. Qa6 Qc7
34. Rh1 Rxh1 35. Bxh1 Rh8 36. Bg2 Rh6 37. Ke2 Rd6 38. Bh3 Be5 39. Bc8 Rd8 40.
Bf5 Bxf4 41. Qa4 Bxg3 42. Be6 fxe6 43. e5 Bxe5 44. Qa6 Bf4 45. Kf3 Rd3+ 46. Kg2
{Hossa resigns} 0-1